| 000 | 00606nam a22002177a 4500 | ||
|---|---|---|---|
| 005 | 20170124110204.0 | ||
| 010 | _a643275 | ||
| 020 |
_c00.00 _a0582487161 |
||
| 035 | _a643275 | ||
| 037 | _bCen Lib/Ret | ||
| 040 |
_aDPL _bEN |
||
| 082 |
_a320.3 _bROB |
||
| 100 |
_aRoberts, Geoffrey K. _936756 |
||
| 245 |
_aA dictionary of political analysis / _cby Geoffrey K. Roberts |
||
| 260 |
_aLondon _bLongman _c1971 |
||
| 270 |
_aLondon _bLondon |
||
| 300 |
_axxii, 29p. _c21cm(Hb) |
||
| 650 |
_aPolitical science _9100120 |
||
| 650 |
_aDictionary _99500 |
||
| 942 |
_2ddc _cEN _h320.3 _mROB |
||
| 999 |
_c133084 _d133084 |
||